Normal view
MARC view
- الهندسة المعمارية-البناء
Entry Topical Term
001 - CONTROL NUMBER
- control field: 46333
003 - CONTROL NUMBER IDENTIFIER
- control field: JO-AjAnu
005 - DATE AND TIME OF LATEST TRANSACTION
- control field: 20230606081646.0
008 - FIXED-LENGTH DATA ELEMENTS
- fixed length control field: 230606|| aca||aabn | a|a d
040 ## - CATALOGING SOURCE
- Original cataloging agency: JO-AjAnu
- Transcribing agency: JO-AjAnu
150 ## - HEADING--TOPICAL TERM
- Topical term or geographic name entry element: الهندسة المعمارية-البناء
670 ## - SOURCE DATA FOUND
- Source citation: Work cat.: (JO-AjAnu)23715: ليونز، ارثر/ ترجمة محمد احمد سمارة؛ مراجعة حسن الشريف،هيثم الناهي, author 46332, المواد للمعمارين والبنائين